<?xml version="1.0" encoding="UTF-8"?>
<marc:record xmlns:marc="http://www.loc.gov/MARC21/slim">
   <marc:leader>00000nam a2200000 a 4500</marc:leader>
   <marc:datafield ind1="1" ind2=" " tag="100">
      <marc:subfield code="a">Evers, Horst</marc:subfield>
      <marc:subfield code="4">aut</marc:subfield>
      <marc:subfield code="e">Verfasser/-in</marc:subfield>
   </marc:datafield>
   <marc:datafield ind1="0" ind2="0" tag="245">
      <marc:subfield code="a">Für Eile fehlt mir die Zeit</marc:subfield>
   </marc:datafield>
   <marc:datafield ind1="0" ind2="0" tag="245">
      <marc:subfield code="c">Horst Evers</marc:subfield>
   </marc:datafield>
   <marc:datafield ind1=" " ind2="1" tag="264">
      <marc:subfield code="a">Reinbek bei Hamburg</marc:subfield>
      <marc:subfield code="b">Rowohlt-Taschenbuch-Verl.</marc:subfield>
      <marc:subfield code="c">2012</marc:subfield>
   </marc:datafield>
   <marc:datafield ind1="1" ind2=" " tag="520">
      <marc:subfield code="a">Angaben aus der Verlagsmeldung

Für Eile fehlt mir die Zeit Evers, Für Eile fehlt mir die Zeit / von Horst Evers

Von Horst Evers kann man lernen, wie diese Welt ohne viel Aufwand sehr zu verbessern wäre. Und wie man rechnet: «Wer jeden Tag eine Stunde laufen geht, verlängert zwar seine Lebenserwartung im Schnitt um circa 2 Jahre, verbraucht aber insgesamt 4 Jahre seines Lebens nur fürs Laufen.» Vor allem aber erzählt er Geschichten: Ausgesprochen komische Geschichten aus dem Hier und Jetzt. Geschichten, die sich hüten, auch nur einen einzigen Ratschlag zu erteilen, aber trotzdem helfen.
</marc:subfield>
   </marc:datafield>
   <marc:datafield ind1=" " ind2=" " tag="020">
      <marc:subfield code="a">9783499254987</marc:subfield>
      <marc:subfield code="9">9783499254987</marc:subfield>
   </marc:datafield>
   <marc:datafield ind1=" " ind2=" " tag="020">
      <marc:subfield code="a">3499254980</marc:subfield>
      <marc:subfield code="9">3499254980</marc:subfield>
   </marc:datafield>
   <marc:datafield ind1=" " ind2=" " tag="300">
      <marc:subfield code="a">221 S.</marc:subfield>
   </marc:datafield>
</marc:record>
